Political and Administrative Barriers of Cohesion Policy Implementation in Slovakia

Kohézna politika je jednou z najdôležitejších politík Európskej únie. Významné problémy, administratívne a politické prekážky, ktoré sú vnímané ako hlavné prekážky, ktoré bránia efektívnemu a účinnému vykonávaniu politiky súdržnosti.

Gespeichert in:
Bibliographische Detailangaben
1. Verfasser: Šipikal, Miroslav, 1976-
Format: Buchkapitel
Sprache:Englisch
Schlagworte:
Tags: Tag hinzufügen
Keine Tags, Fügen Sie das erste Tag hinzu!

MARC

LEADER 00000nla a2200000 4500
001 0205177
005 20240502083514.9
041 0 |a eng 
044 |a CZ 
245 1 0 |a Political and Administrative Barriers of Cohesion Policy Implementation in Slovakia  |c Miroslav Šipikal 
520 |a Kohézna politika je jednou z najdôležitejších politík Európskej únie. Významné problémy, administratívne a politické prekážky, ktoré sú vnímané ako hlavné prekážky, ktoré bránia efektívnemu a účinnému vykonávaniu politiky súdržnosti. 
610 2 0 |a Európska únia 
610 2 0 |a politika kohézna 
610 2 0 |a harmonizácia 
610 2 0 |a administratíva 
610 2 0 |a projekty medzinárodné 
610 2 0 |a spolupráca medzinárodná 
100 1 |a Šipikal, Miroslav, 1976-